000 00818nam a2200229Ii 4500
003 JO-AjNU
008 230605s9999||||xx |||||||||||||| ||und||
017 _a1978/4683
020 _a977-7259-760
040 _aJO-AjNU
_bara
_erda
_cJO-AjNU
041 _aara
050 1 4 _aH62.L3.1988
100 3 _a اللقاني، أحمد حسين ، م.مشارك برنس أحمد رضوان,
_eauthor
_952741
245 0 0 _aتدريس المواد الاجتماعية
250 _aط3مزيدة ومنقحة
264 3 1 _aالقاهرة:عالم الكتب،1988
300 _a334ص
_bيحتوي على ببلوغرافية من 327-334ص
336 _atext
_btxt
_2rdacontent
337 _aunmediated
_bn
_2rdamedia
338 _avolume
_bnc
_2rdacarrier
650 4 _aعلوم اجتماعية-طرق تدريس
_952742
999 _aA23381
_c26949
_d26949